Problèmes d’adultes - Sexion d'assaut - Statistiques

Statistiques générales
  • Ce quiz a été pris 99 fois
  • Le résultat moyen est 413 sur 540
Statistiques - réponses
Paroles % Correct
à
98%
a
98%
Couplet 2 : Black Mesrimes A
98%
À
98%
de
98%
De
98%
en
98%
En
98%
la
98%
La
98%
98%
des
97%
Un
97%
un
97%
problèmes
95%
qui
95%
avec
93%
d'adultes
93%
Refrain : Maître Gims Enfant
93%
enfant
93%
on
93%
Lune
92%
me
90%
promet
90%
est
88%
vivant
88%
Couplet 1 : Lefa | Couplet 3 : Maska Il
86%
il
86%
innocent
86%
dit
85%
je
85%
Le
85%
le
85%
mère
85%
se
85%
ans
83%
au
83%
ce
83%
c'est
83%
dans
83%
les
83%
Mais
83%
mais
83%
que
83%
sa
83%
16
81%
appelle
81%
coeur
81%
cœur
81%
faire
81%
machines
81%
moi
81%
mort
81%
qu'à
81%
son
81%
frères
80%
jours
80%
petit
80%
quand
80%
Quand
80%
ses
80%
tous
80%
branché
78%
confiance
78%
et
78%
fait
78%
jeu
78%
médecine
78%
moins
78%
pas
78%
petits
78%
qu'il
78%
qu'un
78%
secours
78%
s'en
78%
Alors
76%
cheveux
76%
condamné
76%
mon
76%
Mon
76%
ne
76%
père
76%
quinze
76%
souffle
76%
suis
76%
entend
75%
lit
75%
opérations
75%
pour
75%
si
75%
subit
75%
ça
73%
croire
73%
elle
73%
Elle
73%
famille
73%
lui
73%
médecins
73%
même
73%
mes
73%
nous
73%
plus
73%
amer
71%
charabia
71%
gout
71%
l'hôpital
71%
l'odeur
71%
mal
71%
comme
69%
dis
69%
fini
69%
j'ai
69%
J'ai
69%
laissé
69%
n'est
69%
69%
sent
69%
tout
69%
l'hosto
68%
Seul
68%
17
66%
car
66%
d'ado
66%
Entre
66%
faut
66%
Faut
66%
fils
66%
m'y
66%
parmi
66%
peut
66%
Sans
66%
vie
66%
y
66%
avocat
64%
chef
64%
débordé
64%
demain
64%
droite
64%
du
64%
fais
64%
gauche
64%
grandit
64%
l'occas
64%
Maman
64%
nécessaire
64%
Parce
64%
souffre
64%
avait
63%
eux
63%
m'aide
63%
pris
63%
rentre
63%
retrouve
63%
seuls
63%
aura
61%
border
61%
Cloué
61%
feeling
61%
gorge
61%
hess
61%
mêle
61%
mienne
61%
sœur
61%
t'en
61%
Couplet 4 : Barack Adama & Maître Gims T'es
61%
t'es
61%
tes
61%
une
61%
18
59%
entende
59%
études
59%
incessants
59%
laissés
59%
moment
59%
voulais
59%
africaine
58%
feu
58%
laine
58%
pull
58%
appart
56%
cette
56%
finir
56%
grande
56%
gros
56%
j'agisse
56%
affaire
54%
d'un
54%
dur
54%
j'suis
54%
l'état
54%
Malheureusement
54%
morte
54%
répète
54%
rien
54%
rôles
54%
s'inversent
54%
Aujourd'hui
53%
D'une
53%
mecs
53%
peine
53%
tafs
53%
tape
53%
bled
51%
d'Omar
51%
l'honneur
51%
pareil
49%
pourris
49%
forcément
47%
haine
47%
maison
47%
Sous
47%
T'as
47%
averse
46%
corps
46%
France
46%
intérimaire
46%
jeune
46%
l'école
46%
Omar
46%
regarder
46%
remet
46%
toujours
46%
Arrivera
44%
frais
44%
quitté
44%
toutes
44%
Toutes
44%
doit
42%
Lancé
42%
laver
42%
noie
42%
pire
42%
vêtements
42%
clairement
41%
L'habitude
41%
pleure
41%
Rescapé
41%
s'attend
41%
tôt
41%
cousins
39%
démène
39%
incendie
39%
qu'empirer
39%
rapatrier
39%
dépenses
37%
Satan
37%
appelant
36%
nuits
36%
opère
36%
ferait
34%
resté
32%
surmonter
32%
akhi
31%
d'argent
31%
s'agit
31%
Ohohohoh
29%
Avant
27%
pourrissent
27%
qu'ils
27%
ramener
24%
assassine
22%
biff
22%
dame
17%
Aucun quiz correspondant
Distribution des résultats
% des personnes avec chaque résultat
Percentile par nombre de réponses
Votre historique - résultats
Vous n’avez pas pris ce quiz